000 00488nam a2200145Ia 4500
008 100204s9999 xx 000 0 und d
082 _b26257
100 _aअष्टीकर मंदाकिनी
245 _aएक आस एक ध्यास
260 _b"निशिगंधा प्रकाशन , पुणे"
_c2004
300 _a304
630 _aएक आस एक ध्यास
730 _aएक आस एक ध्यास
942 _cBOOK
999 _c471437
_d471434